000 00744cam a2200277 4500
001 ABS68005
008 040729n2004 000 0 eng u
035 _a(Sirsi) u126977
245 _aFocus 2 update: Berks, Bucks and Oxon
260 _c2004
490 _aEstates Gazette
_v(0418) 17 July 2004, 81-91(7)
590 _aABS
590 _aABS
650 _aOXFORDSHIRE
650 _aOXFORD
650 _aBUCKINGHAMSHIRE
650 _aMILTON KEYNES
650 _aBERKSHIRE
650 _aAYLESBURY
650 _aHIGH WYCOMBE
650 _aPROPERTY-COMMERCIAL PROPERTY-RETAIL PROPERTY-RETAIL PROPERTY MARKET
650 _aOFFICE MARKET
650 _aINDUSTRIAL MARKET
690 _aCOMMERCIAL PROPERTY-MARKET
942 _n0
999 _c117796
_d117796